LIBRARY & INFORMATION CENTRE, KCAET, TAVANUR

ONLINE PUBLIC ACCESS CATALOGUE (OPAC)

Precision Farming & Protected Cultivation (Record no. 17443)

MARC details
000 -LEADER
fixed length control field 00382nam a22001457a 4500
003 - CONTROL NUMBER IDENTIFIER
control field OSt
008 - FIXED-LENGTH DATA ELEMENTS--GENERAL INFORMATION
fixed length control field 210916b ||||| |||| 00| 0 eng d
020 ## - INTERNATIONAL STANDARD BOOK NUMBER
ISBN 9789389130072
082 ## - DEWEY DECIMAL CLASSIFICATION NUMBER
Classification number 631
Item number SIN/PR
100 ## - MAIN ENTRY--AUTHOR NAME
Personal name Singh ,Brahma
245 ## - TITLE STATEMENT
Title Precision Farming & Protected Cultivation
260 ## - PUBLICATION, DISTRIBUTION, ETC. (IMPRINT)
Place of publication New Delhi
Name of publisher New India Publishing Agency
Year of publication 2019
300 ## - PHYSICAL DESCRIPTION
Number of Pages 248 pages
942 ## - ADDED ENTRY ELEMENTS (KOHA)
Koha item type Books
Holdings
Withdrawn status Lost status Damaged status Home library Current library Shelving location Date acquired Cost, normal purchase price Full call number Accession Number Koha item type
      KAUAET KAUAET NAHEP-CAAST Project 07/09/2021 2195.00 631 SIN/PR 26046 Books
      KAUAET KAUAET NAHEP-CAAST Project 07/09/2021 2195.00 631 SIN/PR 26047 Books
free website counter